[Event "Jugendweltmeisterschaft U18"]
[Site "Belfort (FRA)"]
[Date "2005.07.21"]
[Round "3"]
[White "Arngrimsson, Dagur"]
[Black "Meier, Georg"]
[Result "1/2-1/2"]
[WhiteElo "2294"]
[BlackElo "2437"]
[PlyCount "124"]
[EventDate "2005.07.18"]

1. e4 e6 2. d4 d5 3. Nc3 dxe4 4. Nxe4 Nd7 5. Nf3 Ngf6 6. Bg5 h6 7. Nxf6+ Nxf6
8. Bh4 c5 9. Ne5 a6 10. dxc5 Qa5+ 11. c3 Qxc5 12. Ng4 Nd7 13. Ne3 g5 14. Bg3 f5
15. Bc4 f4 16. Bxe6 Nf6 17. Bxc8 Rxc8 18. Bxf4 gxf4 19. Qa4+ b5 20. Qxf4 Qg5
21. Qf3 Bc5 22. h4 Qe5 23. Qb7 O-O 24. Rh3 Ne4 25. Qxa6 Nxf2 26. Qg6+ Qg7 27.
Qxg7+ Kxg7 28. Rg3+ Kh7 29. Ke2 Ne4 30. Rf3 Rfe8 31. Rd1 Rc7 32. Rd5 Rce7 33.
Rd3 h5 34. Kd1 Rg7 35. Rd5 Bxe3 36. Rxe3 Rxg2 37. Rxh5+ Kg6 38. Rg5+ Rxg5 39.
hxg5 Kxg5 40. Kc2 Kf4 41. Rd3 Re5 42. Rd4 Ke3 43. a4 bxa4 44. Rxa4 Rh5 45. Rd4
Rh2+ 46. Kb3 Nd2+ 47. Ka3 Rh1 48. Ka2 Rh8 49. Ka3 Ra8+ 50. Ra4 Rc8 51. Rd4 Rc7
52. Ka4 Ra7+ 53. Kb5 Rb7+ 54. Kc5 Rxb2 55. Ra4 Ne4+ 56. Kc4 Nd2+ 57. Kc5 Rc2
58. c4 Nf3 59. Rb4 Rd2 60. Kb5 Nd4+ 61. Kc5 Ne6+ 62. Kc6 Kf3 1/2-1/2

[Event "Jugendweltmeisterschaft U18"]
[Site "Belfort (FRA)"]
[Date "2005.07.21"]
[Round "3"]
[White "Savickas, Airidas"]
[Black "Braun, Arik"]
[Result "1/2-1/2"]
[WhiteElo "2281"]
[BlackElo "2475"]
[PlyCount "104"]
[EventDate "2005.07.18"]

1. e4 c6 2. d4 d5 3. exd5 cxd5 4. c4 Nf6 5. Nc3 e6 6. Nf3 Be7 7. cxd5 Nxd5 8.
Bd3 Nc6 9. O-O O-O 10. Re1 Bf6 11. Be4 Nce7 12. Ne5 g6 13. Bh6 Bg7 14. Qd2 Nf6
15. Bxg7 Kxg7 16. Re3 Nxe4 17. Nxe4 Nf5 18. Rd3 f6 19. Nf3 b6 20. Rc1 Bb7 21.
Ng3 Nxg3 22. hxg3 Rf7 23. Qe3 Qd5 24. b3 Rd8 25. Rdc3 h5 26. Rc7 Rdd7 27. Qf4
Kh7 28. Rxd7 Qxd7 29. Nd2 g5 30. Qe3 Qd5 31. Nf3 Kg7 32. Re1 Re7 33. Re2 Qf5
34. Nd2 Kf7 35. f3 Rc7 36. Ne4 Qd5 37. Nc3 Qc6 38. Ne4 Qc1+ 39. Kf2 Qxe3+ 40.
Kxe3 Ke7 41. Rd2 g4 42. Kf4 Rc1 43. Nf2 gxf3 44. gxf3 Ba6 45. Ne4 f5 46. Ng5
Kd6 47. Rh2 Rd1 48. Rxh5 Rxd4+ 49. Ke3 Rd3+ 50. Kf4 Kd5 51. Rh8 Rd4+ 52. Ke3
Rd3+ 1/2-1/2

[Event "Jugendweltmeisterschaft U18w"]
[Site "Belfort (FRA)"]
[Date "2005.07.21"]
[Round "3"]
[White "Hoolt, Sarah"]
[Black "Raeva, Elitsa"]
[Result "0-1"]
[WhiteElo "2127"]
[BlackElo "2191"]
[PlyCount "82"]
[EventDate "2005.07.18"]

1. e4 c5 2. Nf3 Nc6 3. d4 cxd4 4. Nxd4 g6 5. Nc3 Bg7 6. Be3 Nf6 7. Bc4 Qa5 8.
O-O O-O 9. Bb3 d6 10. h3 Bd7 11. Re1 Rac8 12. Nd5 Rfe8 13. Bd2 Qc5 14. Nf3 Nxd5
15. exd5 Ne5 16. Be3 Qc7 17. Nxe5 dxe5 18. Bxa7 b6 19. Bxb6 Qxb6 20. c4 e6 21.
d6 Rc6 22. Qc2 Qc5 23. Rad1 Rd8 24. Re3 Bh6 25. Rc3 Bc8 26. d7 Rxd7 27. Rcd3
Rd4 28. Qc3 Rcd6 29. a3 Rxd3 30. Rxd3 Rxd3 31. Qxd3 Qd4 32. Bc2 Qxd3 33. Bxd3
Bc1 34. b4 Bxa3 35. b5 Bc5 36. Be4 Kf8 37. Kf1 Ke7 38. Ke2 f5 39. Ba8 Kd6 40.
Bc6 e4 41. Be8 e5 0-1

[Event "Jugendweltmeisterschaft U16"]
[Site "Belfort (FRA)"]
[Date "2005.07.21"]
[Round "3"]
[White "Brener, Ilja"]
[Black "Nguyen, Ngoc Truongson"]
[Result "1/2-1/2"]
[WhiteElo "2316"]
[BlackElo "2554"]
[PlyCount "94"]
[EventDate "2005.07.18"]

1. e4 c5 2. Nf3 Nc6 3. d4 cxd4 4. Nxd4 Nf6 5. Nc3 e5 6. Ndb5 d6 7. Nd5 Nxd5 8.
exd5 Nb8 9. c4 Be7 10. Be2 O-O 11. O-O f5 12. f4 a6 13. Nc3 Bf6 14. Qc2 g6 15.
Kh1 Re8 16. Be3 Nd7 17. Rae1 exf4 18. Bxf4 Be5 19. Qd2 Bxf4 20. Qxf4 Ne5 21.
Qd4 b6 22. b4 a5 23. a3 Bd7 24. c5 axb4 25. axb4 bxc5 26. bxc5 dxc5 27. Qxc5
Qa5 28. Qd4 Rac8 29. Rc1 Nf7 30. Bf3 Qc5 31. Qd2 Qe3 32. Qxe3 Rxe3 33. Ne2 Rxc1
34. Rxc1 g5 35. Nd4 g4 36. Be2 Nd6 37. Bf1 Kf7 38. Kg1 Kf6 39. Rc7 Be8 40. Rxh7
Ke5 41. Nc2 Rc3 42. Re7+ Kxd5 43. Ne3+ Kd4 44. Nxf5+ Nxf5 45. Rxe8 g3 46. hxg3
Nxg3 47. Rf8 Kd5 1/2-1/2

[Event "Jugendweltmeisterschaft U16"]
[Site "Belfort (FRA)"]
[Date "2005.07.21"]
[Round "3"]
[White "Lapcevic, Milos"]
[Black "Bindrich, Falko"]
[Result "0-1"]
[WhiteElo "2269"]
[BlackElo "2391"]
[PlyCount "66"]
[EventDate "2005.07.18"]

1. d4 Nf6 2. c4 e6 3. Nc3 Bb4 4. Qc2 c5 5. dxc5 O-O 6. a3 Bxc5 7. Nf3 b6 8. Bg5
Bb7 9. e4 h6 10. Bh4 Be7 11. Rd1 Nh5 12. Bxe7 Qxe7 13. Be2 Nf4 14. O-O f5 15.
Rfe1 Qf6 16. exf5 Qxf5 17. Qxf5 Rxf5 18. Nd4 Rc5 19. Bf1 Nh3+ 20. gxh3 Rg5+ 21.
Bg2 Rxg2+ 22. Kf1 Rxh2 23. Ncb5 Nc6 24. Nf3 Rxh3 25. Kg2 Rh5 26. Nd6 Rb8 27. b4
Ba8 28. Kg3 Rf8 29. Kg4 g6 30. Re3 Ne7 31. Ne4 Rhf5 32. Rxd7 Rf4+ 33. Kg3 Rxe4
0-1

[Event "Jugendweltmeisterschaft U16"]
[Site "Belfort (FRA)"]
[Date "2005.07.21"]
[Round "3"]
[White "Trofimov, Sergey P"]
[Black "Beck, Frederik"]
[Result "1/2-1/2"]
[WhiteElo "2411"]
[BlackElo "2211"]
[PlyCount "46"]
[EventDate "2005.07.18"]

1. d4 Nf6 2. c4 c5 3. d5 b5 4. cxb5 a6 5. b6 e6 6. Nc3 exd5 7. Nxd5 Nxd5 8.
Qxd5 Nc6 9. e4 Be7 10. Bc4 O-O 11. Nf3 Rb8 12. O-O Rxb6 13. e5 Nd4 14. Nxd4 Bb7
15. Nc6 Bxc6 16. Qd3 d5 17. exd6 Bxd6 18. Be3 Bxh2+ 19. Kxh2 Qh4+ 20. Kg1 Bxg2
21. Kxg2 Qg4+ 22. Kh2 Qh4+ 23. Kg2 Qg4+ 1/2-1/2

[Event "Jugendweltmeisterschaft U16w"]
[Site "Belfort (FRA)"]
[Date "2005.07.21"]
[Round "3"]
[White "Ohme, Melanie"]
[Black "Ignacz, Maria"]
[Result "0-1"]
[WhiteElo "2066"]
[BlackElo "2265"]
[PlyCount "74"]
[EventDate "2005.07.18"]

1. e4 c5 2. Nf3 d6 3. d4 cxd4 4. Nxd4 Nf6 5. Nc3 Nc6 6. Bg5 e6 7. Qd2 a6 8.
O-O-O Bd7 9. Nxc6 Bxc6 10. f3 h6 11. Bf4 d5 12. Qe3 Qa5 13. Be5 Be7 14. Bxf6
Bxf6 15. exd5 Bxc3 16. dxc6 Bf6 17. cxb7 Rb8 18. Qa3 Qg5+ 19. Kb1 Rxb7 20. Qa4+
Kf8 21. Qa3+ Kg8 22. c3 Kh7 23. Bxa6 Rb6 24. h4 Qe5 25. Bd3+ g6 26. Rc1 Rhb8
27. b3 Qd5 28. Bc2 Kg7 29. Rhd1 Qc6 30. Be4 Qc7 31. Rd3 Bxh4 32. Qa4 Bg5 33.
Rc2 Qc8 34. Kb2 Bf6 35. g4 Ra6 36. Qd7 Qc5 37. f4 Qa3+ 0-1

[Event "Jugendweltmeisterschaft U16w"]
[Site "Belfort (FRA)"]
[Date "2005.07.21"]
[Round "3"]
[White "Tajik, Saheh"]
[Black "Shmirina, Evgenija"]
[Result "0-1"]
[WhiteElo "1599"]
[BlackElo "2157"]
[PlyCount "85"]
[EventDate "2005.07.18"]

1. e4 d6 2. d4 Nf6 3. Nc3 e5 4. dxe5 dxe5 5. Qxd8+ Kxd8 6. Bg5 c6 7. O-O-O+ Kc7
8. Bc4 Be6 9. Bxe6 fxe6 10. a3 Nbd7 11. Nf3 h6 12. Bh4 Nh5 13. Rd2 g5 14. Rhd1
Rh7 15. Bg3 Nxg3 16. hxg3 g4 17. Ne1 h5 18. Kb1 a5 19. Na4 Rb8 20. Ka2 b5 21.
Nc3 b4 22. Nb1 c5 23. b3 c4 24. axb4 Bxb4 25. c3 cxb3+ 26. Kxb3 Bf8+ 27. Ka2
Nc5 28. Re2 Rd7 29. Rxd7+ Kxd7 30. Rd2+ Kc6 31. Nd3 Nxd3 32. Rxd3 Bc5 33. Rd2
Rf8 34. f3 gxf3 35. gxf3 Rxf3 36. Rh2 Rf2+ 37. Rxf2 Bxf2 38. Nd2 Bxg3 39. Nf3
h4 40. Ng5 Bf4 41. Nh3 Kb5 42. Kb3 a4+ 43. Ka3 0-1

[Event "Jugendweltmeisterschaft U14"]
[Site "Belfort (FRA)"]
[Date "2005.07.21"]
[Round "3"]
[White "Zehnter, Sebastian"]
[Black "Roganovic, Milos"]
[Result "0-1"]
[WhiteElo "2037"]
[BlackElo "2228"]
[PlyCount "58"]
[EventDate "2005.07.18"]

1. e4 c5 2. Nf3 a6 3. g3 Nc6 4. Bg2 g6 5. d3 Bg7 6. Nc3 b5 7. O-O e6 8. Nh4
Nge7 9. f4 b4 10. Ne2 d5 11. e5 O-O 12. Be3 Qb6 13. d4 c4 14. Qe1 a5 15. g4 a4
16. Qg3 Kh8 17. Nf3 b3 18. c3 a3 19. axb3 cxb3 20. Nd2 Ba6 21. c4 axb2 22. Rab1
Qa5 23. Rf3 Bxc4 24. Qh4 Bxe2 25. Rh3 h5 26. Bf3 Bxf3 27. Rxf3 Nxd4 28. Rh3
Ndf5 29. Qg5 Qd8 0-1

[Event "Jugendweltmeisterschaft U14"]
[Site "Belfort (FRA)"]
[Date "2005.07.21"]
[Round "3"]
[White "Huschenbeth, Niclas"]
[Black "Modwal, Sankalp"]
[Result "1-0"]
[WhiteElo "2180"]
[BlackElo "2060"]
[PlyCount "81"]
[EventDate "2005.07.18"]

1. e4 c5 2. Nf3 d6 3. d4 cxd4 4. Nxd4 Nf6 5. Nc3 Nc6 6. Bg5 e6 7. Qd2 Be7 8.
O-O-O Nxd4 9. Qxd4 O-O 10. f3 a6 11. h4 b5 12. Kb1 Bb7 13. Qd2 Rc8 14. h5 b4
15. Ne2 Nxe4 16. fxe4 Bxg5 17. Qxb4 Qc7 18. Nc3 Bf6 19. Rh3 d5 20. exd5 Bxd5
21. Bxa6 Bxg2 22. Rhd3 Rb8 23. Bb5 Qe5 24. h6 g6 25. a4 Qh5 26. Qf4 Bg5 27. Qe5
Qxh6 28. Rg1 Bf4 29. Qf6 Ba8 30. Rg4 e5 31. Rd7 Qg7 32. Qd6 Rb7 33. Nd5 Rxd7
34. Nf6+ Kh8 35. Nxd7 Rd8 36. Qe7 Rg8 37. Nf6 Rb8 38. Nh5 Qh6 39. Nxf4 Qh1+ 40.
Ka2 Qe4 41. Nxg6+ 1-0

[Event "Jugendweltmeisterschaft U14"]
[Site "Belfort (FRA)"]
[Date "2005.07.21"]
[Round "3"]
[White "Bogner, Sebastian"]
[Black "Hansen-Cherstiouk, Alexei"]
[Result "0-1"]
[WhiteElo "2361"]
[BlackElo "2019"]
[PlyCount "76"]
[EventDate "2005.07.18"]

1. e4 c5 2. Nf3 d6 3. d4 cxd4 4. Nxd4 Nf6 5. Nc3 a6 6. f3 b5 7. a4 b4 8. Nd5
Nxd5 9. exd5 Qc7 10. Be3 Bb7 11. Qd2 Bxd5 12. Nb5 axb5 13. Qxd5 Ra5 14. Bxb5+
Nd7 15. Bxd7+ Kxd7 16. Qxf7 Qxc2 17. O-O Rf5 18. Qa2 g6 19. Bd4 b3 20. Qa3 e5
21. Rac1 d5 22. Qa1 Qd2 23. Rfd1 Qa5 24. Bc3 Qa7+ 25. Kh1 d4 26. a5 Bh6 27.
Qa4+ Ke6 28. Qxb3+ Kf6 29. Bd2 Bxd2 30. Rxd2 Qxa5 31. Rdc2 Rg5 32. Rc5 Qd2 33.
g4 h5 34. Rg1 Qf2 35. Rc4 Rb8 36. Qxb8 Qxf3+ 37. Rg2 Qf1+ 38. Rg1 Qf3+ 0-1

[Event "Jugendweltmeisterschaft U14w"]
[Site "Belfort (FRA)"]
[Date "2005.07.21"]
[Round "3"]
[White "Winkelmann, Elena"]
[Black "Garusinghe, U."]
[Result "1-0"]
[WhiteElo "2040"]
[BlackElo "1603"]
[PlyCount "129"]
[EventDate "2005.07.18"]

1. c4 d5 2. cxd5 Qxd5 3. Nc3 Qd8 4. d4 Bf5 5. e4 Bg6 6. Be3 e6 7. f3 Bb4 8.
Nge2 Ne7 9. Qa4+ Nbc6 10. a3 Bxc3+ 11. Nxc3 a6 12. Rd1 b5 13. Qc2 Na5 14. Be2
c6 15. O-O Rc8 16. b4 Nb7 17. Qb3 O-O 18. f4 h6 19. g4 Re8 20. f5 exf5 21. gxf5
Bh7 22. f6 gxf6 23. Rxf6 Bg6 24. Rdf1 Kh8 25. e5 Rg8 26. Kh1 Nd5 27. Nxd5 Qxd5+
28. Qxd5 cxd5 29. Bf3 Rc3 30. Bxd5 Rxe3 31. Bxb7 Rxa3 32. e6 fxe6 33. Rxe6 h5
34. d5 Bd3 35. Rfe1 Bc4 36. Rh6+ Kg7 37. Rxh5 Rb3 38. Rg5+ Kf8 39. Rf5+ Kg7 40.
Rg1+ Kh6 41. Rxg8 Rb1+ 42. Rg1 Rxb4 43. Rf3 Rb3 44. Rxb3 Bxb3 45. d6 Be6 46.
Bc6 b4 47. d7 Bxd7 48. Bxd7 a5 49. Ba4 Kh5 50. Rg8 Kh6 51. Kg2 Kh7 52. Rg3 Kh6
53. Kf3 Kh5 54. Kf4 Kh4 55. Rg8 Kh3 56. Kf3 Kh4 57. h3 Kh5 58. Kf4 b3 59. Bxb3
a4 60. Bxa4 Kh6 61. Kf5 Kh7 62. Bb3 Kh6 63. h4 Kh7 64. Kf6 Kh6 65. Rh8# 1-0

[Event "Jugendweltmeisterschaft U14w"]
[Site "Belfort (FRA)"]
[Date "2005.07.21"]
[Round "3"]
[White "Jussupow, Ekaterina"]
[Black "Esonboeva, Gulruhsor"]
[Result "0-1"]
[WhiteElo "1992"]
[BlackElo "1599"]
[PlyCount "92"]
[EventDate "2005.07.18"]

1. d4 Nf6 2. Nf3 g6 3. c4 Bg7 4. Nc3 d5 5. e3 O-O 6. Qb3 e6 7. Bd2 b6 8. cxd5
exd5 9. Be2 Bb7 10. O-O Nbd7 11. Rfc1 Rc8 12. a4 a6 13. Na2 c5 14. dxc5 Nxc5
15. Qa3 Qd7 16. a5 Qd6 17. axb6 Qxb6 18. Nb4 Nfe4 19. Be1 Rfd8 20. Nd4 a5 21.
Nbc2 a4 22. Bb4 f5 23. f3 Bxd4 24. Nxd4 Nb3 25. Rxc8 Rxc8 26. Rd1 Nec5 27. Be1
f4 28. Bf2 fxe3 29. Bxe3 Re8 30. Kf2 Qf6 31. Nc2 Qh4+ 32. Kg1 Rc8 33. Qb4 Qxb4
34. Nxb4 Rd8 35. Bc4 Kg7 36. Bxd5 Bxd5 37. Rxd5 Rxd5 38. Nxd5 Nd3 39. Bg5 Kf7
40. Kf1 Nxb2 41. Bf6 Nc4 42. Bc3 a3 43. Nb4 Ne3+ 44. Ke2 Nxg2 45. Kd3 Nh4 46.
f4 Nf5 0-1

[Event "Jugendweltmeisterschaft U12"]
[Site "Belfort (FRA)"]
[Date "2005.07.21"]
[Round "3"]
[White "Graf, Felix"]
[Black "Aslan, Benjamin"]
[Result "1-0"]
[WhiteElo "2168"]
[BlackElo "1599"]
[PlyCount "51"]
[EventDate "2005.07.18"]

1. d4 d6 2. c4 Nf6 3. Nc3 g6 4. e4 Bg7 5. f3 O-O 6. Be3 Nc6 7. Qd2 a6 8. Nge2
Rb8 9. Nc1 e5 10. d5 Nd4 11. N1e2 c5 12. dxc6 bxc6 13. Nxd4 exd4 14. Bxd4 d5
15. cxd5 cxd5 16. e5 Re8 17. Be2 Nd7 18. f4 f6 19. e6 Rxe6 20. O-O f5 21. Bf3
Rxb2 22. Qxb2 Bxd4+ 23. Kh1 Qa5 24. Rac1 Re3 25. Qd2 Qb4 26. Nb1 1-0

[Event "Jugendweltmeisterschaft U12w"]
[Site "Belfort (FRA)"]
[Date "2005.07.21"]
[Round "3"]
[White "Smolkina, Milana"]
[Black "Vilce, Andrea"]
[Result "1-0"]
[WhiteElo "1732"]
[BlackElo "1599"]
[PlyCount "93"]
[EventDate "2005.07.18"]

1. e4 c5 2. Nf3 e6 3. d4 cxd4 4. Nxd4 a6 5. Bd3 Bc5 6. Nb3 Be7 7. Nc3 d6 8. O-O
Nf6 9. a4 b6 10. Be3 Bb7 11. Nd2 Nbd7 12. Nc4 Qc7 13. f3 O-O 14. Qd2 Nc5 15.
Qf2 d5 16. Nd2 Bd6 17. g3 dxe4 18. Ndxe4 Nfxe4 19. Bxe4 Nxe4 20. Nxe4 Bxe4 21.
fxe4 Rab8 22. Qe2 Qb7 23. Qg4 Bc5 24. Bxc5 bxc5 25. b3 Qb4 26. Qf3 c4 27. Rab1
Qc5+ 28. Qf2 Qxf2+ 29. Kxf2 Rb4 30. e5 Rfb8 31. Rfd1 h6 32. Rd6 cxb3 33. Rxb3
Rxb3 34. cxb3 a5 35. Rd3 Ra8 36. Ke3 f6 37. Ke4 Kf7 38. Rd7+ Kg6 39. Rd6 Kf7
40. Rd7+ Kf8 41. exf6 gxf6 42. Rh7 Rb8 43. Rh8+ Kg7 44. Rxb8 Kg6 45. Rb5 h5 46.
Rxa5 f5+ 47. Kf4 1-0

[Event "Jugendweltmeisterschaft U12w"]
[Site "Belfort (FRA)"]
[Date "2005.07.21"]
[Round "3"]
[White "Bochis, Julia"]
[Black "Williams, Jordana"]
[Result "1/2-1/2"]
[WhiteElo "1599"]
[BlackElo "1599"]
[PlyCount "65"]
[EventDate "2005.07.18"]

1. Nf3 Nf6 2. c4 e6 3. g3 d5 4. Bg2 Nbd7 5. b3 Bd6 6. Bb2 O-O 7. O-O Re8 8. d3
Bf8 9. Nbd2 c6 10. Rc1 e5 11. e3 h6 12. Qc2 Bd6 13. Rfd1 Nf8 14. Qb1 Bg4 15. e4
d4 16. c5 Bc7 17. h3 Bh5 18. Rf1 Ne6 19. Qa1 Nd7 20. Ba3 a5 21. g4 Bg6 22. Nc4
Nf4 23. Rcd1 Ne6 24. Qc1 Ndxc5 25. Bxc5 Nxc5 26. Ncxe5 Nxb3 27. Qc2 Bxe5 28.
Qxb3 b6 29. Rb1 Bc7 30. Rfc1 c5 31. Qc4 Qc8 32. Rc2 Kf8 33. Nxd4 1/2-1/2

[Event "Jugendweltmeisterschaft U18"]
[Site "Belfort (FRA)"]
[Date "2005.07.22"]
[Round "4"]
[White "Braun, Arik"]
[Black "Skoberne, Jure"]
[Result "1-0"]
[WhiteElo "2475"]
[BlackElo "2312"]
[PlyCount "79"]
[EventDate "2005.07.18"]

1. d4 g6 2. e4 Bg7 3. Nc3 d6 4. Be3 c6 5. f3 b5 6. Qd2 Nd7 7. Nge2 Nb6 8. b3
Bb7 9. g4 e6 10. h4 h5 11. Bg5 Bf6 12. Bxf6 Qxf6 13. g5 Qd8 14. Nf4 Ne7 15. Nd3
Qc7 16. f4 O-O 17. Bg2 a5 18. O-O b4 19. Ne2 c5 20. c4 bxc3 21. Qxc3 c4 22.
bxc4 Qxc4 23. Rfb1 Qa6 24. Nec1 Bc6 25. Bf1 Qa7 26. Nf2 Rfc8 27. Qa3 d5 28.
Rxb6 Qxb6 29. Qxe7 Qb2 30. Nb3 dxe4 31. f5 gxf5 32. g6 Rf8 33. Nh3 e3 34. Re1
a4 35. Rxe3 axb3 36. gxf7+ Rxf7 37. Rg3+ Kh8 38. Qxf7 Qxd4+ 39. Nf2 Bf3 40. Rg6
1-0

[Event "Jugendweltmeisterschaft U18w"]
[Site "Belfort (FRA)"]
[Date "2005.07.22"]
[Round "4"]
[White "Kazakevich, Anastasia"]
[Black "Hoolt, Sarah"]
[Result "0-1"]
[WhiteElo "1960"]
[BlackElo "2127"]
[PlyCount "72"]
[EventDate "2005.07.18"]

1. d4 Nf6 2. c4 g6 3. Nc3 d5 4. e3 Bg7 5. Nf3 O-O 6. cxd5 Nxd5 7. Bc4 Nb6 8.
Bb3 Na6 9. O-O c5 10. h3 Qc7 11. Qe2 Bd7 12. Rd1 Rac8 13. a3 Rfd8 14. d5 c4 15.
Bc2 e6 16. d6 Qb8 17. e4 e5 18. Bg5 f6 19. Be3 Nc5 20. Nd5 Nxd5 21. Qxc4 Ne6
22. exd5 Rxc4 23. Bb3 Nd4 24. Nxd4 Rxd4 25. Bxd4 exd4 26. Rxd4 Qxd6 27. Re1 f5
28. Rd2 Re8 29. Rde2 Rxe2 30. Rxe2 Bf6 31. Ba2 Kg7 32. b4 Qa6 33. Re3 f4 34.
Rf3 g5 35. Kh2 Bf5 36. Rb3 Qf1 0-1

[Event "Jugendweltmeisterschaft U16"]
[Site "Belfort (FRA)"]
[Date "2005.07.22"]
[Round "4"]
[White "Bindrich, Falko"]
[Black "Hayrapetian, Ovik"]
[Result "1-0"]
[WhiteElo "2391"]
[BlackElo "2290"]
[PlyCount "61"]
[EventDate "2005.07.18"]

1. e4 c5 2. Nf3 e6 3. Nc3 a6 4. d4 cxd4 5. Nxd4 Qc7 6. Bd3 Nf6 7. f4 d6 8. Qf3
Nbd7 9. g4 Nc5 10. g5 Nfd7 11. Bd2 Be7 12. b4 Nxd3+ 13. cxd3 O-O 14. Rc1 Qd8
15. h4 Re8 16. O-O Bf8 17. Kg2 Qb6 18. Qf2 Qd8 19. Nd1 g6 20. Ne3 Bg7 21. Bc3
a5 22. a3 axb4 23. axb4 Qb6 24. Nc4 Qd8 25. Nxd6 Re7 26. N4b5 Bxc3 27. Rxc3 Nb6
28. Rfc1 Rb8 29. Rc7 Rxc7 30. Rxc7 Bd7 31. Nxf7 1-0

[Event "Jugendweltmeisterschaft U16"]
[Site "Belfort (FRA)"]
[Date "2005.07.22"]
[Round "4"]
[White "Rehberg, Raphael"]
[Black "Vachier-Lagrave, Maxime"]
[Result "0-1"]
[WhiteElo "2233"]
[BlackElo "2527"]
[PlyCount "42"]
[EventDate "2005.07.18"]

1. e4 c5 2. Nf3 d6 3. d4 cxd4 4. Nxd4 Nf6 5. Nc3 a6 6. Bc4 e6 7. Bb3 b5 8. Qe2
Be7 9. Bg5 O-O 10. f4 h6 11. Bxf6 Bxf6 12. O-O-O b4 13. Na4 Qa5 14. f5 Bd7 15.
fxe6 Bxa4 16. exf7+ Kh8 17. Bd5 Ra7 18. Qh5 Rc7 19. Rhf1 Bxd4 20. Rxd4 Rxc2+
21. Kb1 Qc5 0-1

[Event "Jugendweltmeisterschaft U16"]
[Site "Belfort (FRA)"]
[Date "2005.07.22"]
[Round "4"]
[White "Michalik, Peter"]
[Black "Brener, Ilja"]
[Result "1/2-1/2"]
[WhiteElo "2397"]
[BlackElo "2316"]
[PlyCount "137"]
[EventDate "2005.07.18"]

1. e4 c5 2. Nf3 Nc6 3. Bb5 g6 4. Bxc6 dxc6 5. d3 Bg7 6. h3 b6 7. Nc3 e5 8. Be3
Ne7 9. Qc1 h6 10. a3 Be6 11. Nd2 Qd6 12. O-O g5 13. Nc4 Bxc4 14. dxc4 Qe6 15.
b3 O-O 16. Qd2 Rfd8 17. Qe2 Ng6 18. Qg4 Nf4 19. Rad1 Bf6 20. a4 a5 21. Qxe6
fxe6 22. Kh2 Kf7 23. Kg3 Ke7 24. Kf3 h5 25. Kg3 Rxd1 26. Rxd1 Rg8 27. Kh2 g4
28. hxg4 hxg4 29. Rh1 g3+ 30. fxg3 Nh5 31. Kg1 Ng7 32. g4 Ne8 33. Rh7+ Kd6 34.
Kf2 Rxg4 35. Kf3 Rg8 36. g4 Be7 37. Rh2 Bg5 38. Bxg5 Rxg5 39. Nd1 Rg7 40. Nf2
Nf6 41. Rh8 Nh7 42. Kg3 Ng5 43. Rf8 Nh7 44. Rb8 Kc7 45. Ra8 Kd6 46. Rb8 Kc7 47.
Rh8 Ng5 48. Kh4 Nf7 49. Rh5 Kd6 50. g5 Ke7 51. Ng4 Nd6 52. Nf6 Nf7 53. Rh7
Rxh7+ 54. Nxh7 Nd6 55. Nf6 b5 56. cxb5 cxb5 57. axb5 Nxb5 58. Kh5 Nd6 59. Kh6
Nf7+ 60. Kg6 c4 61. Ng8+ Kf8 62. Nh6 cxb3 63. cxb3 Nd6 64. Kh7 Nxe4 65. g6 Nf6+
66. Kh8 Nh5 67. Ng4 e4 68. Kh7 Ng7 69. Ne3 1/2-1/2

[Event "Jugendweltmeisterschaft U16"]
[Site "Belfort (FRA)"]
[Date "2005.07.22"]
[Round "4"]
[White "Beck, Frederik"]
[Black "Olszewski, Michal"]
[Result "1/2-1/2"]
[WhiteElo "2211"]
[BlackElo "2399"]
[PlyCount "62"]
[EventDate "2005.07.18"]

1. e4 e5 2. Nf3 Nc6 3. Nc3 Nf6 4. d4 exd4 5. Nxd4 Bb4 6. Nxc6 bxc6 7. Bd3 d5 8.
exd5 cxd5 9. O-O O-O 10. Bg5 c6 11. Na4 Be7 12. c4 Be6 13. Rc1 Rb8 14. b3 Rb7
15. cxd5 Bxd5 16. Bxf6 Bxf6 17. Qc2 Rb4 18. Rfe1 g6 19. Be4 Bxe4 20. Rxe4 Rxe4
21. Qxe4 Qd2 22. Qc2 Rd8 23. g3 Kg7 24. Nc3 Bg5 25. Qxd2 Bxd2 26. Rc2 f5 27.
Kf1 Bg5 28. Ke2 Bf6 29. Na4 Rd6 30. Nc5 Bd4 31. b4 Kf7 1/2-1/2

[Event "Jugendweltmeisterschaft U16w"]
[Site "Belfort (FRA)"]
[Date "2005.07.22"]
[Round "4"]
[White "Shmirina, Evgenija"]
[Black "Pelletier, Katherine"]
[Result "1/2-1/2"]
[WhiteElo "2157"]
[BlackElo "2096"]
[PlyCount "131"]
[EventDate "2005.07.18"]

1. e4 e5 2. Nf3 Nc6 3. d4 exd4 4. Nxd4 Bc5 5. Nb3 Bb6 6. Nc3 d6 7. Nd5 Nf6 8.
Nxb6 axb6 9. Bd3 h6 10. O-O O-O 11. Bd2 Re8 12. Re1 Be6 13. f4 Bg4 14. Qc1 Qd7
15. Bc3 Nh7 16. f5 f6 17. Bc4+ Kh8 18. Qf4 Bh5 19. Nd4 Nxd4 20. Bxd4 Bf7 21.
Bxf7 Qxf7 22. b3 Re7 23. Re3 Qe8 24. h4 Qc6 25. c4 Rae8 26. Rae1 b5 27. cxb5
Qxb5 28. a4 Qd7 29. Kh2 Nf8 30. Qf1 c5 31. Bb2 d5 32. Qf4 d4 33. R3e2 Qc6 34.
b4 b6 35. a5 bxa5 36. bxc5 Qxc5 37. Rd1 Rd7 38. Red2 Red8 39. Rd3 Qe5 40. Kg3
a4 41. Kg4 Kg8 42. Qf3 g6 43. Kh3 g5 44. h5 Rd6 45. Ba3 Rc6 46. Qe2 Re8 47.
Rxd4 Rc3+ 48. R4d3 Rec8 49. Rxc3 Rxc3+ 50. Rd3 Nd7 51. Qe3 Qf4 52. Qxf4 Rxd3+
53. Qg3 Rxg3+ 54. Kxg3 Ne5 55. Kf2 Nc4 56. Bb4 a3 57. Ke2 Kf7 58. Kd3 a2 59.
Bc3 Nd6 60. g4 Nb7 61. e5 fxe5 62. Bxe5 Nc5+ 63. Ke3 Nb3 64. Kd3 Nc5+ 65. Ke3
Nb3 66. Kd3 1/2-1/2

[Event "Jugendweltmeisterschaft U16w"]
[Site "Belfort (FRA)"]
[Date "2005.07.22"]
[Round "4"]
[White "Vahtra, Tuuli"]
[Black "Ohme, Melanie"]
[Result "0-1"]
[WhiteElo "1933"]
[BlackElo "2066"]
[PlyCount "128"]
[EventDate "2005.07.18"]

1. e3 Nf6 2. Nf3 g6 3. d4 Bg7 4. Bd3 O-O 5. b3 c5 6. Bb2 d6 7. c4 Nc6 8. a3 a6
9. Qe2 Qb6 10. Nbd2 Bg4 11. d5 Na7 12. Rb1 Qc7 13. O-O Rfb8 14. h3 Bxf3 15.
Nxf3 b5 16. Nd2 Rb7 17. f4 Rab8 18. g4 a5 19. g5 Nd7 20. Bxg7 Kxg7 21. Bc2 bxc4
22. bxc4 Rb2 23. Qd3 R2b6 24. Qc3+ Kg8 25. Qxa5 R8b7 26. Qc3 Qb8 27. Rb3 Rxb3
28. Nxb3 Nb6 29. Na5 Rd7 30. Rb1 Qd8 31. e4 e5 32. dxe6 fxe6 33. Qb2 Nbc8 34.
Nb3 Rf7 35. Rf1 e5 36. h4 exf4 37. Qc1 Qf8 38. Bd1 Nc6 39. Bg4 Qe8 40. Bxc8
Qxc8 41. Rxf4 Ne5 42. Qf1 Rxf4 43. Qxf4 Nxc4 44. a4 Ne5 45. Qg3 c4 46. Nc1 c3
47. Kh2 Qc5 48. Qf4 Qd4 49. Ne2 Qd3 50. Nc1 Qd2+ 51. Kg3 Qe1+ 52. Kg2 c2 53.
Kh2 Qd1 54. a5 Nf3+ 55. Kg3 Nd2 56. Na2 Qg1+ 57. Kh3 Qh1+ 58. Kg4 Qg2+ 59. Qg3
Qxe4+ 60. Qf4 Qe6+ 61. Kg3 Ne4+ 62. Kf3 Qxa2 63. a6 Qa3+ 64. Kg2 c1=Q 0-1

[Event "Jugendweltmeisterschaft U16w"]
[Site "Belfort (FRA)"]
[Date "2005.07.22"]
[Round "4"]
[White "Reid, Vaness"]
[Black "Fuchs, Judith"]
[Result "1/2-1/2"]
[WhiteElo "1599"]
[BlackElo "1999"]
[PlyCount "42"]
[EventDate "2005.07.18"]

1. d4 Nf6 2. c4 g6 3. Nc3 Bg7 4. e4 d6 5. f3 O-O 6. Be3 a6 7. Qd2 Nbd7 8. Nge2
c5 9. d5 Rb8 10. Ng3 Qa5 11. a4 Re8 12. Be2 Ne5 13. O-O Qc7 14. a5 b6 15. axb6
Rxb6 16. Na4 Rb4 17. Qc2 Rb8 18. Bd2 Qb7 19. Bc3 Qc7 20. Rfb1 Ned7 21. Ra3 Qa7
1/2-1/2

[Event "Jugendweltmeisterschaft U14"]
[Site "Belfort (FRA)"]
[Date "2005.07.22"]
[Round "4"]
[White "Pap, Gyula"]
[Black "Huschenbeth, Niclas"]
[Result "1/2-1/2"]
[WhiteElo "2384"]
[BlackElo "2180"]
[PlyCount "88"]
[EventDate "2005.07.18"]

1. d4 Nf6 2. c4 c5 3. d5 b5 4. Nf3 bxc4 5. Nc3 d6 6. e4 g6 7. Bxc4 Bg7 8. O-O
O-O 9. e5 Ng4 10. exd6 exd6 11. Bf4 Qb6 12. Qb3 Nd7 13. Ne4 Nge5 14. Nxe5 Bxe5
15. Qg3 Bb7 16. Bxe5 Nxe5 17. b3 Qd8 18. Nxc5 Bc8 19. Nd3 Nxc4 20. bxc4 Ba6 21.
Qf4 Rc8 22. Rac1 Re8 23. Rc2 f5 24. Re1 Rxe1+ 25. Nxe1 Qe8 26. Nf3 Qa4 27. Re2
Qxc4 28. Qxc4 Bxc4 29. Rc2 Rc5 30. Nd2 Bxd5 31. Rxc5 dxc5 32. a3 Kf7 33. f4 Ke6
34. Nb1 Kd6 35. Kf2 h6 36. h4 c4 37. g3 Kc5 38. Ke3 Be4 39. Nc3 Bc6 40. Na2 a6
41. Nc3 a5 42. Na2 Bg2 43. Nc3 Bf1 44. Na4+ Kb5 1/2-1/2